Practical handbook on agricultural microbiology / (Record no. 52183)

MARC details
000 -LEADER
fixed length control field 00608nam a2200217Ia 4500
005 - DATE AND TIME OF LATEST TRANSACTION
control field 20260429112052.0
008 - FIXED-LENGTH DATA ELEMENTS--GENERAL INFORMATION
fixed length control field 260429s9999||||xx |||||||||||||| ||und||
020 ## - INTERNATIONAL STANDARD BOOK NUMBER
International Standard Book Number 9781071617267
041 ## - LANGUAGE CODE
Language English
082 ## - DEWEY DECIMAL CLASSIFICATION NUMBER
Classification number 631.46
Item number AMA
100 ## - MAIN ENTRY--PERSONAL NAME
Personal name Amaresan, Natarajan
245 #0 - TITLE STATEMENT
Title Practical handbook on agricultural microbiology /
Statement of responsibility, etc Natarajan Amaresan
250 ## - EDITION STATEMENT
Edition statement 1st ed.
260 ## - PUBLICATION, DISTRIBUTION, ETC. (IMPRINT)
Place of publication, distribution, etc New York :
Name of publisher, distributor, etc Springer,
Date of publication, distribution, etc 2022.
300 ## - PHYSICAL DESCRIPTION
Extent xiii, 413 p.; pbk
650 ## - SUBJECT ADDED ENTRY--TOPICAL TERM
Topical term or geographic name as entry element Applied microbiology
650 ## - SUBJECT ADDED ENTRY--TOPICAL TERM
Topical term or geographic name as entry element Agricultural microbiology
700 ## - ADDED ENTRY--PERSONAL NAME
Personal name Amin, Dhruti
700 ## - ADDED ENTRY--PERSONAL NAME
Personal name Patel, Prittesh
942 ## - ADDED ENTRY ELEMENTS (KOHA)
Koha item type Text Books
Holdings
Withdrawn status Lost status Damaged status Not for loan Collection code Home library Location Shelving location Date of Cataloging Source of acquisition Total Checkouts Full call number Barcode Date last seen Price effective from Koha item type
        Non-fiction CUTN Central Library CUTN Central Library Medicine, Technology & Management 29/04/2026 International Books Services, New Delhi - Invoice No. IBS/2025-2026/191 on 09-02-2026   631.46 AMA 57259 29/04/2026 29/04/2026 Text Books